|
|
|
|
| LEADER |
00000nab a2200000 ar4500 |
| 001 |
vtls009283544 |
| 003 |
SK-MaSNL |
| 005 |
20260303052154.0 |
| 008 |
080409c2008 xo wr|p|||||||000 b|slo |
| 015 |
|
|
|a SNBRB2008/04
|2 snkbucl
|
| 040 |
|
|
|a SNKBUCL
|b slo
|c SNKBUCL
|e AACR2
|
| 041 |
0 |
|
|a slo
|
| 044 |
|
|
|a xo
|c SK
|
| 080 |
|
|
|a 32-051
|2 2001
|
| 080 |
|
|
|a 929 Mikuš, Tibor
|2 2001
|
| 100 |
1 |
|
|a Horváth, Peter
|4 aut
|
| 245 |
1 |
0 |
|a Tibor Mikuš
|b dominoprofil
|c Peter Horváth
|
| 300 |
|
|
|b Fotogr.
|
| 600 |
1 |
7 |
|a Mikuš, Tibor,
|d 1952-
|2 snkbucl
|9 107719
|
| 655 |
|
7 |
|a profily
|2 snkbucl
|9 341977
|
| 773 |
0 |
|
|t Eurodomino
|g Roč. I, č. 5 (2008), s. 13
|x 1337-6772
|
| 852 |
|
|
|a SNK
|b KIS3GCP
|
| 958 |
|
|
|a SK
|
| 958 |
|
|
|a BX
|
| 999 |
|
|
|c 1714213
|d 1716143
|